000
00234nam a22000977a 4500
003
SGT
245
_a
Journal of Indian Prosthodontic Society
260
_b
Medknow Publications
_c
2006-2009
300
_a
214; 219; 238; 242
942
_2
ddc
_c
BV
999
_c
27449
_d
27449